Balance preliminar de las economías de América Latina y el Caribe : (Record no. 9618)

MARC details
000 -LEADER
fixed length control field 00697nam a22002177a 4500
003 - CONTROL NUMBER IDENTIFIER
control field AR-FvUNAJ
005 - DATE AND TIME OF LATEST TRANSACTION
control field 20231124095435.0
008 - FIXED-LENGTH DATA ELEMENTS--GENERAL INFORMATION
fixed length control field 231003b ||||| |||| 00| 0 spa d
015 ## - NATIONAL BIBLIOGRAPHY NUMBER
Source AR-FvUNAJ
020 ## - INTERNATIONAL STANDARD BOOK NUMBER
International Standard Book Number 978-92-1-221085-8
040 ## - CATALOGING SOURCE
Transcribing agency AR-FvUNAJ
082 14 - DEWEY DECIMAL CLASSIFICATION NUMBER
Edition number 14
Classification number 330.98
110 2# - MAIN ENTRY--CORPORATE NAME
9 (RLIN) 3350
Corporate name or jurisdiction name as entry element Comisión Económica para América Latina y el Caribe
245 10 - TITLE STATEMENT
Title Balance preliminar de las economías de América Latina y el Caribe :
Remainder of title 2011 /
Statement of responsibility, etc CEPAL
260 ## - PUBLICATION, DISTRIBUTION, ETC. (IMPRINT)
Place of publication, distribution, etc Santiago de Chile :
Name of publisher, distributor, etc Naciones Unidas,
Date of publication, distribution, etc 2012.
300 ## - PHYSICAL DESCRIPTION
Extent 98 p.
650 17 - SUBJECT ADDED ENTRY--TOPICAL TERM
Source of heading or term unescot
9 (RLIN) 524
Topical term or geographic name as entry element ECONOMIA
651 17 - SUBJECT ADDED ENTRY--GEOGRAPHIC NAME
Source of heading or term unescot
9 (RLIN) 735
Geographic name AMERICA LATINA
942 ## - ADDED ENTRY ELEMENTS (KOHA)
Source of classification or shelving scheme Dewey Decimal Classification
Koha item type Libro, folleto, traducción
980 ## - EQUIVALENCE OR CROSS-REFERENCE-SERIES STATEMENT--PERSONAL NAME/TITLE [LOCAL, CANADA]
Linkage 21566
Personal name Miranda Raldes
Field link and sequence number 21568
Miscellaneous information Nuñez
Holdings
Withdrawn status Lost status Source of classification or shelving scheme Damaged status Not for loan Home library Current library Date acquired Source of acquisition Total Checkouts Full call number Barcode Date last seen Price effective from Koha item type
    Dewey Decimal Classification     Biblioteca Central Biblioteca Central 03/10/2023 Donación   330.98 COM UNAJ23100038 17/03/2025 03/10/2023 Libro, folleto, traducción
    Dewey Decimal Classification     Biblioteca Central Biblioteca Central 14/11/2023     CD 86 UNAJ23110091 14/11/2023 14/11/2023 CD/DVD de datos

Lunes a Viernes 8:30 a 19:00 hs. Cerrado por mudanza
Av.Calchaqui 6200 Florencio Varela (CP188) 2°piso Edificio Mosconi Aula 209-210
Mail: bibliotecacentralunaj@gmail.com  
Whatsapp(54 9)1122668024    ❔Pregunte a la bibliotecaria
© Universidad Nacional Arturo Jauretche | Secretaría Académica | Biblioteca Central UNAJ